ՀՀ Գիտությունների ազգային ակադեմիայի հիմնարար գիտական գրադարան  =   Fundamental Scientific Library of NAS RA

Համկոմկուսի (բ) 17-րդ կոնֆերենցիայի բանաձևերը : (Record no. 229776)

MARC details
000 -LEADER
fixed length control field 01311nam a2200193 u 4500
001 - CONTROL NUMBER
control field 000574809
003 - CONTROL NUMBER IDENTIFIER
control field AM-YeHGA
005 - DATE AND TIME OF LATEST TRANSACTION
control field 20250618073358.0
008 - FIXED-LENGTH DATA ELEMENTS--GENERAL INFORMATION
fixed length control field 080402s1932 ||| r 000 0 arm d
040 ## - CATALOGING SOURCE
Original cataloging agency AM-YeHGA
041 0# - LANGUAGE CODE
Language code of text/sound track or separate title arm
090 ## - LOCALLY ASSIGNED LC-TYPE CALL NUMBER (OCLC); LOCAL CALL NUMBER (RLIN)
-- 231328
110 2# - MAIN ENTRY--CORPORATE NAME
Corporate name or jurisdiction name as entry element Համկոմկուսի (Բ) կոնֆերենցիա
Number of part/section/meeting 17
Location of meeting Մոսկվա
245 10 - TITLE STATEMENT
Title Համկոմկուսի (բ) 17-րդ կոնֆերենցիայի բանաձևերը :
Remainder of title Հաստատված ե ՀԿ(Բ)Կ Կենտկոմի պլենիումի կողմից 1932 թ. փետրվարի 4-ին /
Statement of responsibility, etc. Համկոմկուսի (Բ) կոնֆերենցիա.
260 ## - PUBLICATION, DISTRIBUTION, ETC.
Place of publication, distribution, etc. Ռոստով-Դոն :
Name of publisher, distributor, etc. Հյուսիսային Կովկաս,
Date of publication, distribution, etc. 1932.
300 ## - PHYSICAL DESCRIPTION
Extent 36 էջ.
505 0# - FORMATTED CONTENTS NOTE
Formatted contents note Ա. Դիրեկտիվներ Խորհրդային Միության ժողովրդական տնտեսության յերկրորդ հնգամյա պլանը (1933-37) կազմելու համար (Ընկ. ընկ. Մոլոտովի յեվ Կույբիշեվի զեկուցումների առթիվ)։ Բ. Արդյունաբերության զարգացման արդյունքները 1931 թվին յեվ 1932 թվի խնդիրները (Ընկ. Որջոնիկիձեյի զակուցման առթիվ)։
650 14 - SUBJECT ADDED ENTRY--TOPICAL TERM
Topical term or geographic name entry element ՍՄԿՊ համագումարներ, կոնֆերանսներ
9 (RLIN) 5021
Holdings
Withdrawn status Lost status Damaged status Not for loan Collection Home library Current library Date acquired Total checkouts Full call number Barcode Date last seen Price effective from Koha item type Public note
        General Fundamental Scientific Library Fundamental Scientific Library 28/12/2016   AI/7275 FL0044031 28/12/2016 28/12/2016 Գրքեր / Books 30 Days Loan


ՀՀ ԳԱԱ հիմնարար գիտական գրադարան
ՀՀ,Երևան 0019
Մարշալ Բաղրամյան 24/6
հեռախոս:(374-10) 52-47-50
Հետադարձ կապ

All site content, except where otherwise noted, is licensed under a
Creative Commons License